Á lódáil...
العبودية
| Príomhúdar: | |
|---|---|
| Formáid: | Printed Book |
| Teanga: | Arabic |
| LEADER | 00388nam a22001097a 4500 | ||
|---|---|---|---|
| 008 | 210630b ||||| |||| 00| 0 ara d | ||
| 082 | |a 240 | ||
| 100 | |9 1580775 |a شيخ الإسلام إبن تيمية | ||
| 245 | |a العبودية | ||
| 942 | |c BK | ||
| 999 | |c 359193 |d 359193 | ||
| 952 | |0 0 |1 0 |2 ddc |4 0 |6 240_000000000000000 |7 0 |9 417056 |a ARA |b ARA |c ST1 |d 2021-06-30 |i 12948 |l 0 |o 240 |p ara12948 |r 2021-06-30 |w 2021-06-30 |y BK | ||